El juego del hombre : (Record no. 192697)

MARC details
000 -LEADER
campo de control de longitud fija 01142nam a2200349 i 4500
001 - NÚMERO DE CONTROL
campo de control 192697
003 - IDENTIFICADOR DE NÚMERO DE CONTROL
campo de control SpMaBN
005 - FECHA Y HORA DE LA ÚLTIMA TRANSACCIÓN
campo de control 20240228214549.0
007 - CAMPO FIJO DE DESCRIPCIÓN FÍSICA--INFORMACIÓN GENERAL
campo de control de longitud fija ta
008 - DATOS DE LONGITUD FIJA--INFORMACIÓN GENERAL
campo de control de longitud fija 230512s2018 sp | |||| 000 0 spa
017 ## - NÚMERO DE COPYRIGHT O DE DEPÓSITO LEGAL
Número de copyright o de depósito legal SE 594-2018
Agencia que asigna Oficina Depósito Legal Sevilla
020 ## - NÚMERO INTERNACIONAL ESTÁNDAR DEL LIBRO
Número Internacional Estándar del Libro 9788417266523
040 ## - FUENTE DE CATALOGACIÓN
Centro catalogador/agencia de origen SpMaBN
Lengua de catalogación spa
Centro/agencia transcriptor ES-MaACL
Normas de descripción rda
080 ## - NÚMERO DE LA CLASIFICACIÓN DECIMAL UNIVERSAL
Número de la Clasificación Decimal Universal 821.134.2-84"19"
100 1# - ENTRADA PRINCIPAL--NOMBRE DE PERSONA
Nombre de persona Neila, Manuel,
Fechas asociadas al nombre 1950-
Término indicativo de función/relación Autor
9 (RLIN) 85334
245 13 - MENCIÓN DEL TÍTULO
Título El juego del hombre :
Resto del título discordancias /
Mención de responsabilidad, etc. Manuel Neira ; prólogo de Hiram Barrios
264 #1 - PRODUCCIÓN, PUBLICACIÓN, DISTRIBUCIÓN, FABRICACIÓN Y COPYRIGHT
Producción, publicación, distribución, fabricación y copyright Sevilla :
Nombre del de productor, editor, distribuidor, fabricante Renacimiento,
Fecha de producción, publicación, distribución, fabricación o copyright 2018
300 ## - DESCRIPCIÓN FÍSICA
Extensión 217 páginas ;
Dimensiones 21 cm
336 ## - TIPO DE CONTENIDO
Término de tipo de contenido Texto
Fuente rdacontent
337 ## - TIPO DE MEDIO
Nombre/término del tipo de medio sin mediación
Fuente rdamedia
338 ## - TIPO DE SOPORTE
Nombre/término del tipo de soporte volumen
Fuente rdacarrier
490 1# - MENCIÓN DE SERIE
Mención de serie A la mínima ;
Designación de volumen o secuencia 8
500 ## - NOTA GENERAL
Nota general Índice
500 ## - NOTA GENERAL
Nota general Glosario del descreído
650 #4 - PUNTO DE ACCESO ADICIONAL DE MATERIA--TÉRMINO DE MATERIA
9 (RLIN) 14865
Término de materia o nombre geográfico como elemento de entrada Máximas y aforismos
700 1# - ENTRADA AGREGADA--NOMBRE PERSONAL
9 (RLIN) 235362
Nombre de persona Barrios, Hiram
Término indicativo de función/relación Autor de introducción
830 ## - PUNTO DE ACCESO ADICIONAL DE SERIE-TÍTULO UNIFORME
Título uniforme A la mínima ;
Designación de volumen o secuencia 8
9 (RLIN) 193621
852 ## - LOCALIZACIÓN
Ubicación ES-MaACL
Sublocalización o colección R.153019
Ubicación en estantería Depósito J
Donativo/Legado Donación: Manuel Neila
Número de control de estantería N-8329
itemnumber 199993
903 ## - NOMBRE PERSONAL DE DONANTE
a Neila, Manuel,
d 1950-
e Donante
9 85334
942 ## - ELEMENTOS DE ENTRADA SECUNDARIOS (KOHA)
Suprimir en OPAC No
Tipo de ítem Koha Libro impreso
Holdings
Estatus retirado Estado de pérdida Fuente del sistema de clasificación o colocación Estado de daño No para préstamo Biblioteca de origen Biblioteca actual Ubicación en estantería Fecha de adquisición Fuente de adquisición Número de control de estantería Total de préstamos Signatura topográfica completa Código de barras Visto por última vez Tipo de ítem Koha
    Clasificación decimal universal     Biblioteca del Ateneo de Madrid Biblioteca del Ateneo de Madrid Depósito J 03/08/2021 Donación Ateneísta   N-8329 101205284 12/05/2023 Libro impreso